00571nam a2200241Ia 450000500170000000800460001702000180006303700100008104000080009104000080009904000080010704100080011504100080012308400080013110000190013924500260015824500470018426000230023126000090025436500050026336500080026885600530027620260324130126.0008 260324s9999 xx 000 0 eng d a9781032681948 aEBOOK aCRL beng cCRL 2eng aeng qCRL aAnn M. Corgill 0aOf Primary Importance 0bWhat's Essential in Teaching Young Writers bTaylor and Francis c2008 a b135 uhttp://www.taylorfrancis.com/books/9781032681948